000 00607nam a2200241 i 4500
001 C2-0278962
003 PPAK
005 20180728010353.0
008 070412s2005 nyu |||| ||||| | eng d
020 _a0451411889
040 _aPPAK
_beng
_cPPAK
_erda
082 0 4 _a823
_223
090 0 0 _a823
_bMCC
_dG
100 1 _aMcCoy, Max,
_eauthor
245 1 0 _aInto the west
264 1 _aNew York :
_bAn Onyx Book ,
_c2005
300 _a274 pages ;
_c17 cm
336 _2rdacontent
_atext
337 _2rdamedia
_aunmediated
338 _2rdacarrier
_avolume
650 1 0 _aEnglish fiction.
942 _ddc
_cB
999 _c85741
_d85741